000 00457nam a2200193Ia 4500
003 OSt
005 20251209154209.0
008 210210b1992 xxu||||| |||| 00| 0 eng d
020 _a0863111769
040 _cAL
082 _a954.03 BIPE
100 _aBipan Chandra
_9248507
245 _aEpic struggle
260 _aNew Delhi
_bOrient Longman Ltd
_c1992
300 _axiii,93p
690 _aIndian History
_9248508
906 _a046636
942 _2ddc
_cBK
999 _c95726
_d95726